Popularne numery rap/trap tygodnia 25-31.12 Spotify. - Statystyki

Ogólne statystyki
  • Ten quiz został rozwiązany 15 razy
  • Średni wynik to 19 z 30
Statystyki odpowiedzi
Wykonawca Odsłuchania Utwór % Poprawnych
Guzior, Oskar83 663K FALA
93%
Reto 435K Billy Kid
86%
Guzior 761K BLUEBERRY
79%
Quebonafide, Daria Zawiałow 397K BUBBLETEA
79%
Alberto 293K Dwutakt
79%
Kizo, Trill Pem 308K Fitness
71%
Mata, Wyguś, Szczepan, Adam 274K GOMBAO 33
71%
Kabe 365K Nad ranem
71%
Mata 250K Schodki
71%
Wiatr, Sobel, Be Vis 499K Testarossa
71%
Żabson, Young Leosia, Beteo, Borucci 282K ULALA
71%
Żabson, Mata 238K Aromatyczne Przyprawy
64%
Favst, Gibbs, Kukon 287K halo
64%
Sobel 415K Impreza
64%
Pezet, Kayah 229K Nisko jest niebo
64%
Żabson, Vladimir Cauchemar 243K OBOK
64%
Quebonafide, Forxst 434K TEEN KASIA
64%
Guzior 379K TRAPSTAR
64%
Taco Hemingway, Bedoes 228K Europa
57%
Kukon, Quebonafide 382K Piję wódę i słucham Ich Troje
57%
Taco Hemingway 307K Polskie Tango
57%
SB Maffija 232K A nie pamiętasz jak?
50%
Bedoes, Lanek 358K Chrome Hearts /
50%
Białas, Mata 235K Drift
50%
chillwagon 266K jeden jeden
50%
Wac Toja 260K Kapitan
50%
Guzior 238K KUSHKOMA
50%
Quebonafide, Mick Jenkins 362K MATCHA LATTE
50%
Quebonafide, Taco Hemingway 267K TOKYO2020
50%
Bedoes, Lanek 235K VOGUE
36%
Nie znaleziono quizów pasujących do podanych kryteriów
Rozkład punktacji
Procent ludzi z każdym wynikiem
Percentyl według liczby udzielonych odpowiedzi
Twoja historia wyników
Nie rozwiązałeś tego quizu